| 000 | 00725nam a22002297a 4500 | ||
|---|---|---|---|
| 005 | 20180629152249.0 | ||
| 010 | _aENG-123288 | ||
| 020 |
_c275.00 _a9789352833559 |
||
| 035 | _aEN-106820 | ||
| 037 | _bDBAD/PUB | ||
| 082 | _a338.5024658 | ||
| 100 | _aAgarwal,S K | ||
| 245 |
_aBusiness economics: _cby S K Agarwal |
||
| 250 | _a5th ed. | ||
| 260 |
_aNew Delhi _bS Chand Publishing _c2018 |
||
| 270 |
_aRam Nagar. _bNew Delhi _e110055 |
||
| 300 |
_avarious paging _c24cm(pbk) |
||
| 490 | _aCA Foundation | ||
| 500 | _a[as per latest syllabus issued by the board of studies, the institute of chartered accountants of India] | ||
| 500 | _ait includes glossary | ||
| 942 |
_2ddc _cEN _mAGA _h338.5024658 |
||
| 999 |
_c152939 _d152939 |
||